LEADER 02421nam0 22004933i 450 001 RAV0690501 005 20251003044329.0 010 $a8833912698 100 $a20000919d2000 ||||0itac50 ba 101 | $aita 102 $ait 181 1$6z01$ai $bxxxe 182 1$6z01$an 183 1$6z01$anc$2RDAcarrier 200 1 $aˆLa ‰traccia interrotta dello sviluppo$edal sistema-paese alla poliarchia$fCensis$gintroduzione di Giuseppe De Rita 210 $aTorino$cBollati Boringhieri$d2000 215 $a183 p.$d22 cm 225 | $aSaggi$i. Storia, filosofia e scienze sociali 410 0$1001CFI0520035$12001 $aSaggi$i. Storia, filosofia e scienze sociali 606 $aSocietà$xItalia$2FIR$3CFIC007551$9E 676 $a306.0945$9CULTURA E ISTITUZIONI. Italia$v21 676 $a306.20945$9ISTITUZIONI POLITICHE. ITALIA$v20 676 $a306.30945$9Istituzioni economiche. Italia$v20 676 $a339.50945$9POLITICA MACROECONOMICA. Italia$v19 686 $aIT/5420.0$cPOLITICA E CULTURA ITALIA 1989-2001$2R 686 $aIT/5430.0$cECONOMIA E SOCIETA ITALIA 1989-2001$2R 686 $aIT/5430.7$cFONTI STATISTICHE ITALIA 1989-2001$2R 686 $aSe.i.14.2.2.6$cStoria dell'economia italiana. 1963-1975. L'impresa$2F 686 $aSe.i.14.2.2.8$cStoria dell'economia italiana. 1963-1975. I settori industriali e l'edilizia; la piccola e media industria e l'artigianato$2F 710 02$aCensis$3CFIV001456$4070$09271 791 02$aCentro studi investimenti sociali$3CFIV001458$zCensis 791 02$aFondazione Censis$3CFIV138870$zCensis 791 02$aCentro studi investimenti sociali$3CFIV001458$zCensis 791 02$aFondazione Censis$3CFIV138870$zCensis 801 3$aIT$bIT-000000$c20000919 850 $aIT-BN0095 $aIT-SA0252 $aIT-NA0457 901 $bNAP 83$cIAN $n$ 901 $bNAP BI$cSALA 5 $nLibri da 4151 in poi 901 $bNAP 01$cPOZZO LIB.$nVi sono collocati fondi di economia, periodici di ingegneria e scienze, periodici di economia e statistica e altri fondi comprendenti documenti di economia pervenuti in dono. 912 $aRAV0690501 950 0$aBiblioteca Centralizzata di Ateneo$c1 v.$d 01POZZO LIB.ECON MON 5472$e 0101 0000299865E VMA 1 v.$fB $h20210330$i20210330 977 $a 01$a 83$a BI 996 $aTraccia interrotta dello sviluppo$9513901 997 $aUNISANNIO